Economics of Gender
Αποθηκεύτηκε σε:
| Κύριος συγγραφέας: | |
|---|---|
| Μορφή: | Βιβλίο |
| Γλώσσα: | English |
| Δημοσίευση: |
Malden, MA ; : Oxford :
Blackwell,
2004, c1998
|
| Έκδοση: | 2nd ed. |
| Θέματα: | |
| Ετικέτες: |
Προσθήκη ετικέτας
Δεν υπάρχουν, Καταχωρήστε ετικέτα πρώτοι!
|
MARC
| LEADER | 00000nam a2200000 i 4500 | ||
|---|---|---|---|
| 001 | 1/67692 | ||
| 008 | 041209r20041998 eng d | ||
| 020 | |a 0-631-20727-9 | ||
| 035 | |l 10075636 | ||
| 040 | |a GR-MY-UA |b gre |e aacr | ||
| 041 | 0 | |a eng | |
| 082 | 0 | |a 306.3615 |2 (21) | |
| 100 | 1 | |a Jacobsen, Joyce P. | |
| 245 | 1 | 0 | |a Economics of Gender / |c Joyce P. Jacobsen |
| 250 | |a 2nd ed. |b 2nd repr. | ||
| 260 | |a Malden, MA ; : |a Oxford : |b Blackwell, |c 2004, c1998 | ||
| 300 | |a 515 p.; |b fig., tabl.; |c 25 cm | ||
| 504 | |a Includes bibliographical references and index | ||
| 650 | 0 | 0 | |a Women |x Economic conditions. |
| 650 | 0 | 0 | |a Women |x Social conditions. |
| 650 | 0 | 0 | |a Sex role in the work environment. |
| 650 | 0 | 0 | |a Sex discrimination. |
| 852 | |a INST |b RHODES |e 20041209 |h 306.3615 JAC |p 005400017934 |q 005400017934 |t BK |y 0 | ||
| 901 | |a BIBL4-2005-1 | ||
| 909 | |a Ρ |b 116669 | ||
| 922 | |a 4ΕΛΗ |b 200411 |c ΕΠΕΑΕΚ2/ΤΕΠΑΕΣ |d ΜΙΧΑΛΟΠΟΥΛΟΣ | ||
| 950 | |a 096-2003-06-24 | ||
| 970 | |a ΧΟΡΟΖΙΔΟΥ |b ΤΖΕΝΗ |z 2005/01/17 | ||